000 00245nam a2200097Ia 4500
001 804545
005 20250826171135.0
008 250824s9999 xx 000 0 und d
245 0 _aBİR AKLIN SAVAŞI
_cKAZUAKİ TAKANO
260 _bPORTAKAL YAYINLARI
999 _c804545
_d804545